00460nam a2200121 4500008001000000082001500010100002100025245004700046260009300093300003300186650008600219700003300305708 V686e a708bV686e aVignoli, Adriana aVāos:bensaios para uma utopia mutável aBrasíliabFundo de Apoio a CulturabSecretaria de CulturabGoverno de Brasíliac2016 a58 p.bil. (col)c25 x 20 cm xarte contemporáneo xarte - exhibiciones xarte - instalación xarte - Brasil aNeves, Manuel (curaduría)